Sur quel continent se trouve chacun des 196 pays ? (Click Quiz) - Statistiques

Statistiques générales
  • Ce quiz a été pris 390 fois
    166 depuis la dernière actualisation
  • Le résultat moyen est 145 sur 196
Statistiques - réponses
Hint Extra Hint Réponse % Correct
Italie Europe
82%
Macédoine du Nord Europe
82%
République du Congo Afrique
81%
République Centrafricaine Afrique
81%
Éthiopie Afrique
81%
Viêt Nam Asie
81%
Hongrie Europe
81%
Islande Europe
81%
Lettonie Europe
81%
Norvège Europe
81%
Slovénie Europe
81%
Cameroun Afrique
80%
Kenya Afrique
80%
Canada Amérique du Nord
80%
Singapour Asie
80%
Bosnie-Herzégovine Europe
80%
Danemark Europe
80%
Grèce Europe
80%
Pays-Bas Europe
80%
Roumanie Europe
80%
Saint-Marin Europe
80%
Suisse Europe
80%
Suède Europe
80%
Afrique du Sud Afrique
79%
Burkina Faso Afrique
79%
Guinée-Bissau Afrique
79%
Niger Afrique
79%
Ouganda Afrique
79%
Soudan du Sud Afrique
79%
Argentine Amérique du Sud
79%
Corée du Sud Asie
79%
Japon Asie
79%
Thaïlande Asie
79%
Albanie Europe
79%
Autriche Europe
79%
Bulgarie Europe
79%
Espagne Europe
79%
Estonie Europe
79%
France Europe
79%
Irlande Europe
79%
Serbie Europe
79%
Ukraine Europe
79%
Namibie Afrique
78%
Rwanda Afrique
78%
Tanzanie Afrique
78%
Tchad Afrique
78%
Chili Amérique du Sud
78%
Uruguay Amérique du Sud
78%
Bangladesh Asie
78%
Chine Asie
78%
Ouzbékistan Asie
78%
Tadjikistan Asie
78%
Andorre Europe
78%
Belgique Europe
78%
Biélorussie Europe
78%
Lituanie Europe
78%
Malte Europe
78%
Vatican Europe
78%
Australie Océanie
78%
Nouvelle-Zélande Océanie
78%
Botswana Afrique
77%
Bénin Afrique
77%
Gambie Afrique
77%
Ghana Afrique
77%
Guinée Équatoriale Afrique
77%
Guinée Afrique
77%
Lesotho Afrique
77%
Madagascar Afrique
77%
Mozambique Afrique
77%
Somalie Afrique
77%
Sénégal Afrique
77%
Togo Afrique
77%
République Démocratique du Congo Afrique
77%
États-Unis Amérique du Nord
77%
Azerbaïdjan Asie
77%
Corée du Nord Asie
77%
Indonésie Asie
77%
Iran Asie
77%
Kirghizistan Asie
77%
Taïwan Asie
77%
Allemagne Europe
77%
Croatie Europe
77%
Finlande Europe
77%
Monaco Europe
77%
Pologne Europe
77%
Portugal Europe
77%
Royaume-Uni Europe
77%
République Tchèque Europe
77%
Angola Afrique
76%
Cap-Vert Afrique
76%
Côte d'Ivoire Afrique
76%
Gabon Afrique
76%
Liberia Afrique
76%
Maroc Afrique
76%
Zambie Afrique
76%
Colombie Amérique du Sud
76%
Arabie Saoudite Asie
76%
Inde Asie
76%
Israël Asie
76%
Jordanie Asie
76%
Kazakhstan Asie
76%
Laos Asie
76%
Qatar Asie
76%
Luxembourg Europe
76%
Monténégro Europe
76%
Slovaquie Europe
76%
Algérie Afrique
75%
Djibouti Afrique
75%
Mali Afrique
75%
Nigeria Afrique
75%
Soudan Afrique
75%
Tunisie Afrique
75%
Zimbabwe Afrique
75%
Égypte Afrique
75%
Brésil Amérique du Sud
75%
Irak Asie
75%
Mongolie Asie
75%
Népal Asie
75%
Pakistan Asie
75%
Sri Lanka Asie
75%
Turkménistan Asie
75%
Émirats Arabes Unis Asie
75%
Kosovo Europe
75%
Liechtenstein Europe
75%
Moldavie Europe
75%
Paraguay Amérique du Sud
74%
Pérou Amérique du Sud
74%
Venezuela Amérique du Sud
74%
Liban Asie
74%
Malaisie Asie
74%
Vanuatu Océanie
74%
Libye Afrique
73%
Malawi Afrique
73%
Maurice Afrique
73%
Érythrée Afrique
73%
Bolivie Amérique du Sud
73%
Afghanistan Asie
73%
Bahreïn Asie
73%
Bhoutan Asie
73%
Cambodge Asie
73%
Yémen Asie
73%
Samoa Océanie
73%
Burundi Afrique
72%
Comores Afrique
72%
Bahamas Amérique du Nord
72%
Haïti Amérique du Nord
72%
Koweït Asie
72%
Fidji Océanie
72%
Tuvalu Océanie
72%
Eswatini Afrique
71%
Jamaïque Amérique du Nord
71%
Birmanie Asie
71%
Îles Marshall Océanie
71%
Mauritanie Afrique
70%
Cuba Amérique du Nord
70%
République Dominicaine Amérique du Nord
70%
Équateur Amérique du Sud
70%
Oman Asie
70%
Nauru Océanie
70%
Îles Salomon Océanie
70%
Dominique Amérique du Nord
69%
Panama Amérique du Nord
69%
Philippines Asie
69%
Syrie Asie
69%
Tonga Océanie
69%
Sierra Leone Afrique
68%
Belize Amérique du Nord
68%
Honduras Amérique du Nord
68%
Mexique Amérique du Nord
68%
Brunei Asie
68%
Turquie Asie
68%
Grenade Amérique du Nord
66%
Palaos Océanie
66%
Costa Rica Amérique du Nord
65%
Kiribati Océanie
65%
Papouasie-Nouvelle-Guinée Océanie
65%
Barbade Amérique du Nord
64%
Salvador Amérique du Nord
64%
Micronésie Océanie
64%
Seychelles Afrique
63%
Nicaragua Amérique du Nord
63%
Guyana Amérique du Sud
63%
Antigua-et-Barbuda Amérique du Nord
62%
Guatemala Amérique du Nord
62%
Timor Oriental Asie
62%
Saint-Christophe-et-Niévès Amérique du Nord
61%
Sainte-Lucie Amérique du Nord
61%
Géorgie Asie
61%
Saint-Vincent-et-les-Grenadines Amérique du Nord
60%
Trinité-et-Tobago Amérique du Nord
59%
Arménie Asie
59%
Suriname Amérique du Sud
56%
São Tomé-et-Principe Afrique
54%
Maldives Asie
54%
Chypre (Indice : De quel continent Chypre est-elle le plus proche géographiquement parlant ?) Asie
50%
Russie (Indice : Sur quel continent la Russie s’étend-elle le plus ?) Asie
46%
Aucun quiz correspondant
Distribution des résultats
% des personnes avec chaque résultat
Percentile par nombre de réponses
Votre historique - résultats
Vous n’avez pas pris ce quiz depuis la dernière actualisation